Reprodukcia spoločenskej pracovnej sily v krajinách RVHP v súčasnej etape rozvoja socializmu z hľadiska významu niektorých odvetví nevýrobnej sféry
Uložené v:
| Hlavný autor: | |
|---|---|
| Korporativný autor: | |
| Ďalší autori: | |
| Médium: | Kniha |
| Jazyk: | Slovak |
| Vydavateľské údaje: |
Bratislava
1986
|
| Tagy: |
Žiadne tagy, Buďte prvý, kto otaguje tento záznam!
|
MARC
| LEADER | 00000nam a2200000 4500 | ||
|---|---|---|---|
| 001 | c040313 | ||
| 005 | 20260108074904.2 | ||
| 041 | 0 | |a slo | |
| 044 | |a SK | ||
| 245 | 1 | 0 | |a Reprodukcia spoločenskej pracovnej sily v krajinách RVHP v súčasnej etape rozvoja socializmu |b z hľadiska významu niektorých odvetví nevýrobnej sféry |c Eva Lisá ; Ved. práce Jozef Košnár |
| 264 | 1 | |a Bratislava |c 1986 | |
| 300 | |a 168 s. | ||
| 100 | 1 | |a Lisá, Eva | |
| 700 | 1 | |a Košnár, Jozef | |
| 710 | 2 | |a Vysoká škola ekonomická v Bratislave. Národohospodárska fakulta | |